Quiz en cascade #4 - Statistiques

Statistiques générales
  • Ce quiz a été pris 287 fois
  • Le résultat moyen est 12 sur 22
Statistiques - réponses
Hint Réponse % Correct
Un dessert célèbre est la forêt noire (début)
78%
Pays célèbre pour ses fromages
73%
Qui sépare l'Europe de l' Afrique
66%
Une époque où le roi français se prénommait Louis
65%
Célèbre en Suisse, Allemagne et France
62%
Qui borde la mer noire (fin)
60%
Bâtie à Lisbonne en 1732
59%
Situées dans la mer méditteranée
59%
Comme les Alpes
55%
Dont deux sont des îles
54%
Et dont l'épouse venait de Pologne
54%
Où l'on trouve trois pays nommés Guinée
53%
Qui pour l'anecdote a accueilli la première librairie
53%
Pays frontalier de l' Ukraine
53%
En raison des colons d' Europe
52%
Fondée en 1864
50%
Au drapeau similaire à une association
49%
Produits dans les montagnes
49%
France, Espagne et Portugal
47%
Terre aux vingt régions
30%
Qui s'étendent jusqu'en Suisse
30%
Par un homme ayant voyagé en Italie
15%
Aucun quiz correspondant
Distribution des résultats
% des personnes avec chaque résultat
Percentile par nombre de réponses
Votre historique - résultats
Vous n’avez pas pris ce quiz